00899naa#a2200205#i#4500001001500000005001700015011001400032100004100046101000800087102000700095200019300102210012100295215001000416608004500426700005200471700005300523700005800576700004400634856001500678RU\\bibl\1446120260501200745.5##a2541-9420##a20161206b2016####ek#y0rusy0150####ca0#aRUS##aRU1#aклещевой риккесиоз у детей иркутской области за период пяти эпидемических сезоновeЖурнальная статья1#aИркутскcНаучный центр проблем семьи и репродукции человекаd2016##a4 с.##aЖурнальная статья2local#1aЗлобинgВладимир Игоревич#1aПетроваg Алла Германовна #1aСидороваg Ксения Витальевна#1aДжиоевgЮрий Павлович4#anaukaru.ru